| 000 | 00746nam a2200253 a 4500 | ||
|---|---|---|---|
| 001 | BRL_32 | ||
| 005 | 20190320210547.0 | ||
| 008 | 910803s1988 mx-#######---#000-p#spa-# | ||
| 020 | _a9688341460 | ||
| 040 |
_aDLC _cDLC |
||
| 041 | _aspa | ||
| 044 | _amx | ||
| 050 | 4 |
_aPQ7297 _b.M37 1988 |
|
| 100 | 1 |
_aMaría Enriqueta _922700 |
|
| 245 | 1 | 0 |
_aRumores de mi huerto _b(antología poética) _cMaría Enriqueta ; selección y prólogo, Esther Hernández Palacios. |
| 260 |
_aMéxico _bUniversidad Veracruzana _c1988 |
||
| 300 |
_a99 p. _c21 cm. |
||
| 440 | 0 |
_aColección rescate _v28 _922701 |
|
| 500 | _aAu88 | ||
| 650 | 1 | 4 |
_aPoesía veracruzana _922702 |
| 700 | 1 |
_aHernández Palacios, Esther _eprol. _922703 |
|
| 902 | _aGRL | ||
| 942 |
_2lcc _cB |
||
| 999 |
_c8845 _d8845 |
||